000 00490nam a2200181Ia 4500
001 10830
005 20260306161901.0
008 260306t1994||||xx |||||||||||||| ||spa||
041 _aESP
082 _a973.61
_bF34
100 _aFeder, Kenneth L.
_eAUT
245 2 _aA village of outcasts:
_bhistorical archaeology and documentary research at the lighthouse site
260 _c1994
300 _a230 páginas :
_c23 cm.
650 _aGEN
654 _aCHU
942 _cLIB
_dJUS
_fJUS
_2ddc
_n
999 _c10830
_d10830